000 00922cam a22002653a 4500
001 11248
003 PGUSA
005 20140828083234.0
008 040201s2004||||xxu|||||s|||||000 | eng d
040 _aPGUSA
_beng
042 _adc
050 4 _aBX
100 1 _aSwedenborg, Emanuel,
_d1688-1772
245 1 4 _aThe Delights of Wisdom Pertaining to Conjugial Love :
_bTo Which is Added The Pleasures of Insanity Pertaining To Scortatory Love
_h[electronic resource] /
_cEmanuel Swedenborg
260 _bProject Gutenberg,
_c2004
506 _aPublic domain in the USA.
516 _aElectronic text
653 _aMarriage -- Religious aspects -- New Jerusalem Church
653 _aSexual ethics
653 _aNew Jerusalem Church -- Doctrines
740 0 _aDeliciae sapientiae de amore conjugiali. English
830 0 _aProject Gutenberg
_v11248
856 4 0 _uhttp://www.gutenberg.org/ebooks/11248
942 _cEB
999 _c240503
_d240503